Harry Potter D.A.D.A Teachers - Statistics

General Stats
  • This quiz has been taken 3,975 times
  • The average score is 9 of 11
Answer Stats
Hint Answer % Correct
1993-1994(Sub) Severus Snape
98%
1996-1997 Severus Snape
98%
1993-1994 (Real) Remus Lupin
97%
1992-1993 Gilderoy Lockhart
94%
1994-1995(Real) Alastor Moody
93%
1995-1996 Dolores Umbridge
93%
1991-1992 Quirinus Quirrell
86%
1994-1995(Fake) Barty Crouch Jr.
83%
1997-1998 Amycus Carrow
66%
1945 (Denied) Tom Riddle
61%
1895-1945 Galatea Merrythought
18%
No matching quizzes found
Score Distribution
Percent of People with Each Score
Percentile by Number Answered
Your Score History
You have not taken this quiz